[Event "Bangkok Big Rook op"]
[Site "Bangkok"]
[Date "2024.02.24"]
[Round "2"]
[White "Teerapabpaisit, Wisuwat"]
[Black "Rolston, Daniel Haruma"]
[Result "0-1"]
[WhiteElo "2052"]
[BlackElo "1592"]
[PlyCount "182"]
[EventDate "2024.02.23"]
[EventType "swiss"]
[EventRounds "7"]
[EventCountry "THA"]
[SourceTitle "CB10_2024"]
[SourceDate "2024.03.06"]
[SourceVersion "1"]
[SourceVersionDate "2024.03.06"]
[SourceQuality "1"]

1. e4 c5 2. Nf3 Nc6 3. d4 cxd4 4. Nxd4 e5 5. Nb5 d6 6. N1c3 a6 7. Na3 Be7 8. Nc4 b5 9. Ne3 Nf6 10. f3 Be6 11. Ncd5 0-0 12. c3 Nd7 13. a4 b4 14. cxb4 Nd4 15. Bd3 Bh4+ 16. g3 Bg5 17. 0-0 f5 18. exf5 Bxe3+ 19. Nxe3 Bb3 20. Qe1 Qb6 21. Bd2 Rac8 22. Kg2 Nf6 23. Ra3 Bf7 24. Qf2 Nd5 25. Nc4 Qb8 26. Qe1 Nxb4 27. Bxb4 Bxc4 28. Bxc4+ Rxc4 29. Bc3 Nc2 30. Qd2 Nxa3 31. Ra1 Rcc8 32. Rxa3 Rxf5 33. Bb4 Rf6 34. Rd3 Rd8 35. Bc3 Rdf8 36. f4 Rg6 37. fxe5 dxe5 38. Rd7 Kh8 39. Qd5 Qb6 40. Rf7 Re8 41. Bxe5 Rg5 42. Re7 Rf8 43. Qf3 Rg8 44. h4 Qc5 45. hxg5 Qxe7 46. Qf4 Rf8 47. Qd4 Qxg5 48. Bf4 Qg6 49. a5 Qc2+ 50. Kh3 Qf5+ 51. Kg2 Qxa5 52. Be5 Rg8 53. Qd6 Qd8 54. Qc6 Qd2+ 55. Kh3 Qe2 56. Qc7 Qh5+ 57. Kg2 Qg6 58. Bc3 Re8 59. Qd7 Rg8 60. Qc7 h6 61. Qd7 Kh7 62. Qc7 Re8 63. Qd7 Re3 64. Qc7 h5 65. Kf2 Re4 66. Qb7 Rg4 67. Qc7 h4 68. gxh4 Rxh4 69. Qe5 Qf6+ 70. Qxf6 gxf6 71. Kg3 Rh6 72. Bd2 Rg6+ 73. Kf4 Kg8 74. Kf5 Kf7 75. Be3 Rg3 76. Bd4 Rf3+ 77. Ke4 Rf1 78. Kd5 f5 79. b4 Rd1 80. Ke5 Kg6 81. Be3 Re1 82. Kd4 Kf6 83. Bh6 Ke6 84. Kc5 Rb1 85. Bd2 Kd7 86. Kb6 Ra1 87. Be3 Kd6 88. Kb7 Kd5 89. Bf4 Kc4 90. Bd6 Kb5 91. Kc7 Rb1 0-1

[Event "Bunratty Online"]
[Site "Chess.com INT"]
[Date "2021.02.20"]
[Round "9"]
[White "Rolston, Daniel Haruma"]
[Black "Brozynski, Patryk"]
[Result "1/2-1/2"]
[WhiteElo "1381"]
[BlackElo "1547"]
[PlyCount "110"]
[EventDate "2021.02.20"]
[EventType "swiss (blitz)"]
[EventRounds "9"]
[EventCountry "IRL"]
[SourceTitle "CBM 200 Extra"]
[Source "ChessBase"]
[SourceDate "2021.03.31"]
[SourceVersion "1"]
[SourceVersionDate "2021.03.31"]
[SourceQuality "1"]

1. e4 c5 2. Nf3 Nc6 3. c3 e6 4. d4 cxd4 5. cxd4 d5 6. e5 Qc7 7. a3 f6 8. exf6 Nxf6 9. Nc3 a6 10. Bd3 Bd6 11. 0-0 0-0 12. h3 Bf4 13. Bxf4 Qxf4 14. Re1 Bd7 15. Rc1 Kh8 16. Bb1 Rac8 17. Qd3 Qh6 18. Qe3 Qxe3 19. Rxe3 Rce8 20. Rce1 Bc8 21. g4 b5 22. g5 Nh5 23. Nxd5 Nf4 24. Nxf4 Rxf4 25. Be4 Bb7 26. Kg2 g6 27. Bd3 Ref8 28. Be4 Ba8 29. d5 exd5 30. Bxd5 Bb7 31. Re8 Na5 32. Rxf8+ Rxf8 33. Bxb7 Nxb7 34. Re7 Nc5 35. Rc7 Nd3 36. Rc2 Nf4+ 37. Kg3 Ne6 38. Rc6 Nd8 39. Rxa6 Rf5 40. Ra8 Rd5 41. Ra5 Kg7 42. a4 Nc6 43. Rxb5 Rd3 44. Kg2 Nd8 45. b4 Ne6 46. Rb7+ Kg8 47. a5 Ra3 48. Ra7 Nf4+ 49. Kg3 Nd3 50. Ra8+ Kg7 51. Kg2 Nxb4 52. Ra7+ Kg8 53. Ra8+ Kg7 54. Ra7+ Kg8 55. Ra8+ Kg7 1/2-1/2

[Event "Thailand Pattaya U16 op 2nd"]
[Site "Pattaya"]
[Date "2019.10.23"]
[Round "9"]
[White "Rolston, Daniel Haruma"]
[Black "Sai, Han Htoo Aung"]
[Result "0-1"]
[WhiteElo "1286"]
[BlackElo "1589"]
[PlyCount "80"]
[EventDate "2019.10.19"]
[EventType "swiss"]
[EventRounds "9"]
[EventCountry "THA"]
[SourceTitle "CBM 193 Extra"]
[Source "ChessBase"]
[SourceDate "2020.01.31"]
[SourceVersion "1"]
[SourceVersionDate "2020.01.31"]
[SourceQuality "1"]

1. d4 f5 2. Bg5 g6 3. e3 Bg7 4. c4 Nf6 5. Nf3 d6 6. Bxf6 Bxf6 7. Be2 0-0 8. Nc3 c6 9. h4 h6 10. Qc2 Qe8 11. Bd3 e5 12. Be2 Na6 13. a3 Nc7 14. b4 e4 15. Nd2 d5 16. cxd5 cxd5 17. h5 g5 18. Qb3 Qf7 19. Rc1 f4 20. Nb5 Nxb5 21. Bxb5 Be6 22. Be2 Rae8 23. Rc2 g4 24. exf4 Bxd4 25. g3 Bf5 26. Rc7 Qxc7 27. Qxd5+ Be6 28. Qxd4 Qc1+ 29. Bd1 Rd8 30. Qe3 Rd3 31. Qe2 Rfd8 32. Qxe4 Qxd2+ 33. Kf1 Qxd1+ 34. Kg2 Qxh1+ 35. Kxh1 Bd5 36. Qxd5+ R8xd5 37. Kg2 Rxh5 38. Kf1 Rh1+ 39. Kg2 Rdd1 40. f3 gxf3+ 0-1

[Event "Thailand Pattaya U16 op 2nd"]
[Site "Pattaya"]
[Date "2019.10.22"]
[Round "7"]
[White "Mohd Faizullah, Aisyah Dalilah Iman"]
[Black "Rolston, Daniel Haruma"]
[Result "0-1"]
[WhiteElo "1042"]
[BlackElo "1286"]
[PlyCount "108"]
[EventDate "2019.10.19"]
[EventType "swiss"]
[EventRounds "9"]
[EventCountry "THA"]
[SourceTitle "CBM 193 Extra"]
[Source "ChessBase"]
[SourceDate "2020.01.31"]
[SourceVersion "1"]
[SourceVersionDate "2020.01.31"]
[SourceQuality "1"]

1. d4 Nf6 2. c4 e6 3. Nf3 d5 4. e3 c6 5. Bd3 Nbd7 6. 0-0 Be7 7. b3 0-0 8. Bb2 c5 9. Nbd2 b6 10. Rc1 Bb7 11. Qe2 a5 12. Rfd1 a4 13. Ra1 a3 14. Bc3 Ne4 15. Bxe4 dxe4 16. Ne5 Nxe5 17. dxe5 Qc7 18. Qg4 Rfd8 19. Nxe4 h5 20. Qf4 Qc6 21. f3 Rd7 22. Rd2 Rad8 23. Rad1 Rxd2 24. Rxd2 Rxd2 25. Nxd2 Qd7 26. Qg3 Qd3 27. Qf2 Qxc3 28. Nf1 Qxe5 29. Qd2 Qd6 30. Qc1 Qb8 31. Nd2 Qe5 32. Nf1 Qb2 33. Qd2 Qxd2 34. Nxd2 Bf6 35. Nf1 h4 36. h3 g5 37. Nh2 Bc3 38. Ng4 f5 39. Nf2 Kf7 40. Kf1 e5 41. e4 fxe4 42. fxe4 Bd4 43. Ng4 Bxe4 44. Ke1 Bxg2 45. Nh6+ Kg6 46. Ng8 Bxh3 47. Ne7+ Kh5 48. Ng8 e4 49. Ne7 Kg4 50. Nd5 Kf3 51. Nxb6 e3 52. Nd5 e2 53. Kd2 Bf2 54. Nc3 e1Q+ 0-1

[Event "Thailand Pattaya U16 op 2nd"]
[Site "Pattaya"]
[Date "2019.10.20"]
[Round "4"]
[White "Rolston, Daniel Haruma"]
[Black "Mohd Syahrul, Irfan Mohd Shahriza"]
[Result "0-1"]
[WhiteElo "1286"]
[BlackElo "1016"]
[PlyCount "122"]
[EventDate "2019.10.19"]
[EventType "swiss"]
[EventRounds "9"]
[EventCountry "THA"]
[SourceTitle "CBM 193 Extra"]
[Source "ChessBase"]
[SourceDate "2020.01.31"]
[SourceVersion "1"]
[SourceVersionDate "2020.01.31"]
[SourceQuality "1"]

1. d4 Nf6 2. Nf3 g6 3. c4 d6 4. Nc3 Bg7 5. Bf4 0-0 6. e3 Bg4 7. Be2 Nbd7 8. h3 Bxf3 9. Bxf3 e5 10. dxe5 dxe5 11. Bh2 Nc5 12. 0-0 e4 13. Be2 c6 14. Qc2 Qe7 15. Rfd1 Rad8 16. Rxd8 Rxd8 17. Rd1 Rxd1+ 18. Qxd1 Nfd7 19. Qd2 Bxc3 20. Qxc3 Qf6 21. Qd2 Ne5 22. Qd4 Ned7 23. Qxf6 Nxf6 24. Be5 Nfd7 25. Bd4 b6 26. Kf1 f5 27. Ke1 Kf7 28. Kd2 a5 29. b3 Ne6 30. f3 Nxd4 31. exd4 Nf6 32. Ke3 exf3 33. Bxf3 c5 34. dxc5 bxc5 35. g4 fxg4 36. hxg4 g5 37. Be4 h6 38. Kd3 Ke6 39. Ke3 Ke5 40. Kd3 Kf4 41. Bf5 Nxg4 42. Bxg4 Kxg4 43. Ke4 h5 44. Kd5 h4 45. Kxc5 h3 46. Kd6 h2 47. c5 h1Q 48. c6 Qd1+ 49. Kc7 Kf5 50. Kb8 Qd6+ 51. Kb7 Qb4+ 52. Kc8 Qf8+ 53. Kb7 g4 54. c7 g3 55. c8Q+ Qxc8+ 56. Kxc8 g2 57. Kb7 g1Q 58. Ka6 Qc5 59. a4 Qb4 60. Ka7 Ke6 61. Ka6 Kd6 0-1

[Event "Thailand Pattaya U16 op 2nd"]
[Site "Pattaya"]
[Date "2019.10.20"]
[Round "3"]
[White "Singh, Abhyudit"]
[Black "Rolston, Daniel Haruma"]
[Result "1-0"]
[WhiteElo "1321"]
[BlackElo "1286"]
[PlyCount "69"]
[EventDate "2019.10.19"]
[EventType "swiss"]
[EventRounds "9"]
[EventCountry "THA"]
[SourceTitle "CBM 193 Extra"]
[Source "ChessBase"]
[SourceDate "2020.01.31"]
[SourceVersion "1"]
[SourceVersionDate "2020.01.31"]
[SourceQuality "1"]

1. e4 d5 2. exd5 Nf6 3. Nf3 Nxd5 4. d4 Bf5 5. Bd3 Bxd3 6. Qxd3 Nc6 7. 0-0 e6 8. c3 Be7 9. Nbd2 0-0 10. Ne4 h6 11. Re1 Nb6 12. Bf4 Qd7 13. Re2 Bd6 14. Bxh6 f5 15. Nxd6 cxd6 16. Bf4 Rf6 17. Rae1 Nd5 18. Bg5 Rg6 19. Qd2 Nf6 20. Nh4 Ne4 21. Rxe4 Rxg5 22. Rxe6 Rg4 23. Nxf5 Ne5 24. dxe5 Qxe6 25. Nxd6 Rd8 26. Qe3 b6 27. f4 g6 28. g3 g5 29. f5 Qxa2 30. h3 Ra4 31. Qxg5+ Kh7 32. Qe7+ Kh6 33. Nf7+ Kh7 34. Nxd8+ Kh8 35. Ne6 1-0